Camino al futuro

Shranjeno v:
Bibliografske podrobnosti
Glavni avtor: Gates, Bill (autor)
Drugi avtorji: Myhrvold, Nathan (autor), Rinearson, Peter (autor), Ortiz, Francisco (traductor)
Format: Knjiga
Jezik:angleščina
Izdano: Madrid McGraw-Hill 1995
Izdaja:1a. edición en español
Teme:
Oznake: Označite
Brez oznak, prvi označite!

MARC

LEADER 00000nam a22000007a 4500
003 CL-VaPUC
005 20231110110828.0
008 191108b ||||| |||| 00| 0 eng d
999 |c 184803  |d 184801 
040 |c Pontificia Universidad Católica de Valparaíso 
100 1 |a Gates, Bill  |e autor  |9 254821 
245 |a Camino al futuro 
246 3 1 |a The road ahead 
250 |a 1a. edición en español 
260 3 |a Madrid  |b McGraw-Hill  |c 1995 
300 |a 280 páginas,  |b encuadernación en rústica 
500 |a La primera edición fue publicada en Estados Unidos por Viking Penguin  
583 |c 20191108  |k  capacitacion 
650 0 |a Tecnología de la información   |9 254825 
650 0 |a Redes de información  |9 230208 
650 0 |a Internet   |9 254823 
700 |a Myhrvold, Nathan  |e autor  |9 254805 
700 1 |a Rinearson, Peter  |e autor  |9 254806 
700 1 |a Ortiz, Francisco  |9 254829  |e traductor  
942 |2 ddc  |c BK 
952 |0 0  |1 0  |2 ddc  |4 0  |7 0  |9 143416  |a BIBEDU  |b BIBDER  |d 2019-11-08  |i 555555  |p 555555  |r 2019-11-08  |w 2019-11-08  |y BK